Investigation of the input signal frequency effect on the formed pulse of the hydraulic-powered pulse machine; IOP Conference Series: Materials Science and Engineering; Vol. 124 : Mechanical Engineering, Automation and Control Systems (MEACS2015)

Bibliografiske detaljer
Parent link:IOP Conference Series: Materials Science and Engineering
Vol. 124 : Mechanical Engineering, Automation and Control Systems (MEACS2015).— 2016.— [012082, 5 p.]
Hovedforfatter: Novoseltseva M. V. Maria Viktorovna
Institution som forfatter: Национальный исследовательский Томский политехнический университет (ТПУ) Институт физики высоких технологий (ИФВТ) Кафедра теоретической и прикладной механики (ТПМ)
Andre forfattere: Masson I. A.
Summary:Title screen
Nowadays, a special emphasis is placed on an output signal curve during the analysis of well drilling machines since these machines should have as high energy efficiency as it is possible. This work proposes factors that have an impact of input signal frequency on the formed pulse that are used to find the most efficient frequency for its further applying in the machine. Results of the conducted experiment are obtained by using a mathematical model that is created in Simulink Matlab.
Sprog:engelsk
Udgivet: 2016
Serier:Numerical Simulation of Applied Problems
Fag:
Online adgang:http://dx.doi.org/10.1088/1757-899X/124/1/012082
http://earchive.tpu.ru/handle/11683/33859
Format: MixedMaterials Electronisk Book Chapter
KOHA link:https://koha.lib.tpu.ru/cgi-bin/koha/opac-detail.pl?biblionumber=648550

MARC

LEADER 00000nla2a2200000 4500
001 648550
005 20231101134525.0
035 |a (RuTPU)RU\TPU\network\13709 
035 |a RU\TPU\network\13694 
090 |a 648550 
100 |a 20160524a2016 k y0engy50 ba 
101 0 |a eng 
102 |a GB 
105 |a y z 100zy 
135 |a drgn ---uucaa 
181 0 |a i  
182 0 |a b 
200 1 |a Investigation of the input signal frequency effect on the formed pulse of the hydraulic-powered pulse machine  |f M. V. Novoseltseva, I. A. Masson 
203 |a Text  |c electronic 
225 1 |a Numerical Simulation of Applied Problems 
300 |a Title screen 
320 |a [References: 8 tit.] 
330 |a Nowadays, a special emphasis is placed on an output signal curve during the analysis of well drilling machines since these machines should have as high energy efficiency as it is possible. This work proposes factors that have an impact of input signal frequency on the formed pulse that are used to find the most efficient frequency for its further applying in the machine. Results of the conducted experiment are obtained by using a mathematical model that is created in Simulink Matlab. 
461 0 |0 (RuTPU)RU\TPU\network\2008  |t IOP Conference Series: Materials Science and Engineering 
463 0 |0 (RuTPU)RU\TPU\network\13617  |t Vol. 124 : Mechanical Engineering, Automation and Control Systems (MEACS2015)  |o International Conference, 1–4 December 2015, Tomsk, Russia  |o [proceedings]  |v [012082, 5 p.]  |d 2016 
610 1 |a электронный ресурс 
610 1 |a труды учёных ТПУ 
610 1 |a частоты 
610 1 |a входные сигналы 
610 1 |a импульсы 
610 1 |a сверлильные станки 
610 1 |a энергетическая эффективность 
610 1 |a математические модели 
610 1 |a Simulink 
610 1 |a MATLAB 
700 1 |a Novoseltseva  |b M. V.  |c physicist  |c Assistant of Tomsk Polytechnic University  |f 1989-  |g Maria Viktorovna  |2 stltpush  |3 (RuTPU)RU\TPU\pers\34644 
701 1 |a Masson  |b I. A. 
712 0 2 |a Национальный исследовательский Томский политехнический университет (ТПУ)  |b Институт физики высоких технологий (ИФВТ)  |b Кафедра теоретической и прикладной механики (ТПМ)  |h 71  |2 stltpush  |3 (RuTPU)RU\TPU\col\18695 
801 2 |a RU  |b 63413507  |c 20161125  |g RCR 
856 4 |u http://dx.doi.org/10.1088/1757-899X/124/1/012082 
856 4 |u http://earchive.tpu.ru/handle/11683/33859 
942 |c CF